[Event "Budapest FS04 GM"]
[Site "Budapest"]
[Date "1995.??.??"]
[Round "1"]
[White "Borocz, Istvan"]
[Black "Honfi, Karoly"]
[Result "1-0"]
[WhiteElo "2415"]
[BlackElo "2380"]

1.d4 Nf6 2.c4 g6 3.Nc3 d5 4.cxd5 Nxd5 5.e4 Nxc3 6.bxc3 Bg7 7.Bc4 Qd7 8.Nf3 b5
9.Bd5 c6 10.Bb3 a5 11.O-O a4 12.Bc2 O-O 13.Bf4 Na6 14.Qd2 Rd8 15.Bh6 Bh8
16.Qe3 Nc7 17.Ne5 Qe8 18.f4 f6 19.Nd3 e6 20.a3 Bg7 21.Bxg7 Kxg7 22.Qg3 Ra7
23.Rae1 Kh8 24.f5 gxf5 25.exf5 Nd5 26.fxe6 Bxe6 27.Nc5 Re7 28.Nxe6 Rxe6 29.Bxh7 Rxe1
30.Rxe1 Qh5 31.Bg6 Qh6 32.Bf7 Qg7 33.Bg6 Qh6 34.Bf7 Qg7 35.Qh3+ Qh7 36.Qxh7+ Kxh7
37.Bxd5 Rxd5 38.Re7+ Kg6 39.Rc7 Rd6 40.Kf2 Kf5 41.Kf3 Ke6 42.Ke4 f5+ 43.Kf4 Kd5
44.Kxf5 Rh6 45.h3 Kc4 46.Kg5 Rd6 47.h4 Kxc3 48.h5 Rd5+ 49.Kh4 Rxd4+ 50.g4 Kb3
51.h6 Kxa3 52.h7 Rd1 53.Kg3 Rh1 54.g5 b4 55.g6 b3 56.Rxc6 b2 57.Rb6 Rg1+
58.Kh2 Rxg6 59.Rxg6 b1=Q 60.Rg3+ Kb4 61.h8=Q Qc2+ 62.Kh3 Qf5+ 63.Rg4+ Kb3
64.Qb8+  1-0

[Event "Budapest FS12 IM"]
[Site "Budapest"]
[Date "1995.??.??"]
[Round "3"]
[White "Touzane, Olivier"]
[Black "Kasantsev, Anatolij B"]
[Result "1-0"]
[WhiteElo "2250"]
[BlackElo "2300"]

1.d4 Nf6 2.c4 g6 3.Nc3 d5 4.cxd5 Nxd5 5.e4 Nxc3 6.bxc3 Bg7 7.Nf3 c5 8.Rb1 O-O
9.Be2 cxd4 10.cxd4 Qa5+ 11.Bd2 Qxa2 12.O-O Qe6 13.Qc2 Qc6 14.Qd3 Bg4 15.d5 Qd7
16.Qa3 Rc8 17.Bb5 Qd8 18.Bb4 Bf8 19.Ne5 Bd7 20.Be2 Be8 21.Rfd1 Nd7 22.Ba5 Nb6
23.Qg3 Ba4 24.Rd4 Bc2 25.Re1 Bg7 26.f4 Qc7 27.Rc4 Qd6 28.Bb4 Qd8 29.Rxc8 Rxc8
30.Bg4 f5 31.exf5 Bxf5 32.Bxf5 gxf5 33.d6 exd6 34.Rd1 d5 35.Bc3 Qc7 36.Bd4 a5
37.h4 Qc2 38.Re1 Nc4 39.Nd7  1-0

[Event "Budapest FS02 IM-A"]
[Site "Budapest"]
[Date "1995.??.??"]
[Round "3"]
[White "Eperjesi, Laszlo"]
[Black "Tornai, Imre"]
[Result "1/2-1/2"]
[WhiteElo "2350"]
[BlackElo "2250"]

1.d4 Nf6 2.c4 g6 3.Nc3 d5 4.cxd5 Nxd5 5.e4 Nxc3 6.bxc3 Bg7 7.Be3 c5 8.Bb5+ Bd7
9.Bxd7+ Qxd7 10.Ne2 cxd4 11.cxd4 Nc6 12.O-O O-O 13.Rb1 Na5 14.Qd3 f5 15.f3 fxe4
16.Qxe4 b5 17.Rfd1 Nc4 18.Bf2 Nd6 19.Qd3 a6 20.Nc3 Qc6 21.Re1 Nf5 22.Ne2 Rac8
23.d5 Qc4 24.Qa3 Nd4 25.Nxd4 Bxd4 26.Bxd4 Qxd4+ 27.Kh1 Qxd5 28.Qxa6 Ra8 29.Qxb5  1/2-1/2

[Event "Budapest FS10 IM-B"]
[Site "Budapest"]
[Date "1995.??.??"]
[Round "4"]
[White "Hetey, Laszlo"]
[Black "Majigsuren, Dovdon"]
[Result "1-0"]
[WhiteElo "2290"]
[BlackElo "2155"]

1.d4 Nf6 2.c4 g6 3.Nc3 d5 4.cxd5 Nxd5 5.e4 Nxc3 6.bxc3 Bg7 7.Nf3 c5 8.Rb1 O-O
9.Be2 Qa5 10.Qd2 a6 11.O-O Nc6 12.Rd1 Rd8 13.Bb2 Qxa2 14.d5 Qa5 15.Qg5 f6
16.Qg3 Ne5 17.Nd2 b5 18.f4 Nf7 19.Nb3 Qc7 20.Ba3 e6 21.dxe6 Bxe6 22.Nxc5 Qb6
23.Qf2 Rac8 24.Rxd8+ Rxd8 25.c4 Qd6 26.cxb5 axb5 27.Bb4 Qc6 28.Bxb5 Qxb5
29.Nxe6 Qd3 30.Re1 Re8 31.Nxg7 Kxg7 32.Qc5 g5 33.e5 fxe5 34.fxe5 Qd7 35.e6 Rxe6
36.Qf8+ Kg6 37.Qg8+ Kh5 38.Qxh7+ Rh6 39.Qe4 Qa7+ 40.Re3 Qa1+ 41.Be1 g4 42.Qf5+ Ng5
43.Rh3+  1-0

[Event "Budapest FS02 IM-A"]
[Site "Budapest"]
[Date "1995.??.??"]
[Round "4"]
[White "Gonzalez Garcia, Jose"]
[Black "Tornai, Imre"]
[Result "1/2-1/2"]
[WhiteElo "2360"]
[BlackElo "2250"]

1.d4 Nf6 2.c4 g6 3.Nc3 d5 4.cxd5 Nxd5 5.e4 Nxc3 6.bxc3 Bg7 7.Nf3 O-O 8.Be2 c5
9.Rb1 b6 10.O-O Qc7 11.Bg5 Bb7 12.Qd3 h6 13.Bh4 e6 14.Rfd1 cxd4 15.cxd4 f5
16.exf5 exf5 17.d5 Qd6 18.Rbc1 g5 19.Bxg5 hxg5 20.Nxg5 Na6 21.Qb3 Nc5 22.Rxc5 bxc5
23.Qxb7 Rab8 24.Qxa7 Ra8 25.Qb7 Rxa2 26.Ne6 Rf7 27.Qc8+ Bf8 28.Bh5 Rh7 29.Qe8 c4
30.Qg6+ Rg7 31.Nxg7 Qxg6 32.Bxg6 Kxg7 33.Bxf5 c3 34.g4 Bc5 35.d6 Rxf2 36.Kh1 Rd2
37.Rxd2 cxd2 38.Bc2 Bxd6 39.Kg2 Be7 40.Kg3 Bd6+ 41.Kg2 Be7  1/2-1/2

[Event "Budapest FS02 GM"]
[Site "Budapest"]
[Date "1995.??.??"]
[Round "7"]
[White "Lukacs, Peter"]
[Black "Honfi, Karoly"]
[Result "1/2-1/2"]
[WhiteElo "2490"]
[BlackElo "2380"]

1.d4 Nf6 2.c4 g6 3.Nc3 d5 4.cxd5 Nxd5 5.e4 Nxc3 6.bxc3 Bg7 7.Bc4 O-O 8.Ne2 Qd7
9.O-O b5 10.Bd3 c5 11.Be3 c4 12.Bc2 Na6 13.Rb1 Nc7 14.Qd2 Rd8 15.Bh6 Bh8
16.Qe3 Bb7 17.Qg3 Ne8 18.f3 a6 19.h4 Bg7 20.Be3 Nf6 21.Nf4 Qc7 22.Qf2 e6
23.Ne2 Rd7 24.Bf4 Qa5 25.Rfc1 h5 26.Be5 Qd8 27.Rd1  1/2-1/2

[Event "Budapest FS12 IM"]
[Site "Budapest"]
[Date "1995.??.??"]
[Round "8"]
[White "Eperjesi, Laszlo"]
[Black "Kasantsev, Anatolij B"]
[Result "1/2-1/2"]
[WhiteElo "2280"]
[BlackElo "2300"]

1.d4 Nf6 2.c4 g6 3.Nc3 d5 4.cxd5 Nxd5 5.e4 Nxc3 6.bxc3 Bg7 7.Be3 c5 8.Bb5+ Bd7
9.Bxd7+ Qxd7 10.Ne2 cxd4 11.cxd4 O-O 12.O-O Rd8 13.Rb1 Nc6 14.d5 Na5 15.h3 Nc4
16.Bd4 e5 17.Bc3 b5 18.Qb3 Nd6 19.Ba5 Rdc8 20.Qd3 Rc4 21.f3 Rac8 22.Rfc1 Bh6
23.Bd2 Bxd2 24.Qxd2 Qc7 25.Qg5  1/2-1/2

[Event "Budapest FS03 GM"]
[Site "Budapest"]
[Date "1995.??.??"]
[Round "9"]
[White "Lukacs, Peter"]
[Black "Anka, Emil"]
[Result "1/2-1/2"]
[WhiteElo "2490"]
[BlackElo "2410"]

1.d4 Nf6 2.c4 g6 3.Nc3 d5 4.cxd5 Nxd5 5.e4 Nxc3 6.bxc3 Bg7 7.Bc4 O-O 8.Ne2 c5
9.O-O Nc6 10.Be3 Bg4 11.f3 Na5 12.Bxf7+ Rxf7 13.fxg4 Rxf1+ 14.Kxf1 Qd7 15.dxc5 Rf8+
16.Kg1 Qxg4 17.Nf4 Qxd1+ 18.Rxd1 Bxc3 19.Nd5 Bf6 20.Nxf6+ exf6 21.Rd7 Rf7
22.Rd8+ Rf8 23.Rd7  1/2-1/2

[Event "Budapest FS10 IM-B"]
[Site "Budapest"]
[Date "1995.??.??"]
[Round "9"]
[White "Touzane, Olivier"]
[Black "Navarovszky, Laszlo"]
[Result "1-0"]
[WhiteElo "2250"]
[BlackElo "2295"]

1.d4 Nf6 2.c4 g6 3.Nc3 d5 4.cxd5 Nxd5 5.e4 Nxc3 6.bxc3 Bg7 7.Nf3 O-O 8.Be2 b6
9.O-O Bb7 10.Qd3 Qd7 11.Bf4 Nc6 12.Qe3 Rfd8 13.d5 Na5 14.Rfd1 Rac8 15.Ne5 Qa4
16.Bg4 Ra8 17.Nxf7 Kxf7 18.Be6+ Ke8 19.Bxc7 Rd7 20.Qh3 Rxc7 21.Qxh7 Nc4 22.Qxg7 Kd8
23.e5 Rd7 24.Rd4 Rc8 25.Qxg6 Rc5 26.Bxd7 Qxd7 27.d6 e6 28.Rh4  1-0

[Event "Budapest FS02 GM"]
[Site "Budapest"]
[Date "1995.??.??"]
[Round "11"]
[White "Dao Thien Hai"]
[Black "Fogarasi, Tibor"]
[Result "1-0"]
[WhiteElo "2480"]
[BlackElo "2500"]

1.d4 Nf6 2.c4 g6 3.Nc3 d5 4.cxd5 Nxd5 5.e4 Nxc3 6.bxc3 Bg7 7.Bb5+ c6 8.Ba4 b5
9.Bb3 b4 10.Bb2 bxc3 11.Bxc3 O-O 12.h4 h5 13.Qd2 Nd7 14.Nf3 Ba6 15.Rc1 Rc8
16.Ba5 Qe8 17.e5 c5 18.e6 fxe6 19.Bxe6+ Kh8 20.Bc3 Rd8 21.d5 Nf6 22.Rd1 Qa4
23.Qe3 Rb8 24.Ne5 Kh7 25.Nxg6 Kxg6 26.Bf5+ Kf7 27.Qe6+ Ke8 28.d6 Nd5 29.Bg6+ Kd8
30.Bxg7 Rf7 31.dxe7+  1-0

[Event "Budapest FS11 IM-A"]
[Site "Budapest"]
[Date "1995.??.??"]
[Round "13"]
[White "Touzane, Olivier"]
[Black "Farago, Sandor"]
[Result "1/2-1/2"]
[WhiteElo "2250"]
[BlackElo "2360"]

1.c4 Nf6 2.d4 g6 3.Nc3 d5 4.cxd5 Nxd5 5.e4 Nxc3 6.bxc3 Bg7 7.Nf3 O-O 8.Be2 c5
9.O-O cxd4 10.cxd4 Qa5 11.Qd2  1/2-1/2

[Event "Buenos Aires tt"]
[Site "Buenos Aires"]
[Date "1995.??.??"]
[Round "?"]
[White "Nieva, Jose Luis"]
[Black "Arrieta, Hector"]
[Result "0-1"]
[WhiteElo "2170"]
[BlackElo "2120"]

1.d4 Nf6 2.c4 g6 3.Nc3 d5 4.cxd5 Nxd5 5.e4 Nxc3 6.bxc3 Bg7 7.Nf3 c5 8.Rb1 O-O
9.Be2 cxd4 10.cxd4 Nc6 11.d5 Ne5 12.Nxe5 Bxe5 13.Qd2 Qc7 14.Bb2 Rd8 15.O-O Bxh2+
16.Kh1 Qf4 17.Qxf4 Bxf4 18.g3 Bd6 19.Kg2 b6 20.Rh1 f6 21.Rh6 Kg7 22.Rbh1 Rh8
23.f4 Bb7 24.Bg4 Rad8 25.R1h2 Bc8 26.Bf3 e5 27.R6h4 Bd7 28.Bd1 h6 29.fxe5 fxe5
30.Rf4 Rhf8 31.Be2 g5 32.Rxf8 Rxf8 33.Rh1 Rc8 34.Bd3 Kg6 35.Re1 h5 36.Rh1 a6
37.Re1 b5 38.Rf1 a5 39.Rd1 b4 40.Rh1 Rf8 41.Be2 Rh8 42.Rf1 Rc8 43.Rf2 a4
44.Ba6 Rc7 45.Bd3 a3 46.Ba1 Rc1 47.Rf1 Rxf1 48.Kxf1 g4 49.Kg2 Kg5 50.Kh2 h4
51.Kg2 h3+ 52.Kh2 Kf6 53.Ba6 Bc5  0-1

[Event "Buenos Aires IVESS op"]
[Site "Buenos Aires"]
[Date "1995.??.??"]
[Round "3"]
[White "Rodriguez, Al"]
[Black "German, Sergio"]
[Result "1/2-1/2"]
[WhiteElo "2010"]
[BlackElo "2320"]

1.d4 Nf6 2.c4 g6 3.Nc3 d5 4.cxd5 Nxd5 5.e4 Nxc3 6.bxc3 Bg7 7.Bc4 c5 8.Ne2 O-O
9.Be3 Nc6 10.Rc1 Qc7 11.h4 Rd8 12.h5 Qa5 13.hxg6 hxg6 14.Kf1 Ne5 15.Bd5 Ng4
16.Bg5 Nf6 17.Nf4 e6 18.Bb3 cxd4 19.Bxf6 Bxf6 20.Qf3 Qg5 21.Rd1 e5 22.Nd5 Rxd5
23.Bxd5 Bg4 24.Qd3 Bxd1 25.Qxd1 dxc3 26.Rh3 Qd2 27.Qxd2 cxd2 28.Ke2 Rc8 29.Rg3 Kg7
30.Kxd2 b6 31.Rc3 Re8 32.Rc7 Re7 33.Rxe7 Bxe7 34.g3 f5 35.f4 Bd6 36.Ke3 exf4+
37.gxf4 fxe4 38.Bxe4 b5 39.Bd3 b4 40.Ba6 Kh6 41.Ke4 Kh5 42.Kf3 Kh6 43.Ke4 Kg7  1/2-1/2

[Event "Bytom op"]
[Site "Bytom"]
[Date "1995.??.??"]
[Round "?"]
[White "Leskiewicz, Maksymilian"]
[Black "Cyborowski, Lukasz"]
[Result "1/2-1/2"]
[WhiteElo "2155"]
[BlackElo "2210"]

1.d4 Nf6 2.c4 g6 3.Nc3 d5 4.cxd5 Nxd5 5.e4 Nxc3 6.bxc3 Bg7 7.Bb5+ c6 8.Ba4 a5
9.Ne2 b5 10.Bc2 O-O 11.Rb1 b4 12.c4 Ba6 13.Bb3 a4 14.Bxa4 Bxc4 15.Rxb4 Bxa2
16.O-O c5 17.dxc5  1/2-1/2

[Event "CAN-ch"]
[Site "CAN"]
[Date "1995.??.??"]
[Round "1"]
[White "Littke, Adam"]
[Black "Livshits, Ron"]
[Result "1/2-1/2"]
[WhiteElo "2300"]
[BlackElo "2350"]

1.d4 Nf6 2.c4 g6 3.Nc3 d5 4.cxd5 Nxd5 5.e4 Nxc3 6.bxc3 Bg7 7.Nf3 c5 8.Rb1 O-O
9.Be2 cxd4 10.cxd4 Qa5+ 11.Bd2 Qxa2 12.O-O Bg4 13.d5 Na6 14.Rxb7 Nc5 15.Rb4 Rfc8
16.Be3 a5 17.Rc4 Nb3 18.h3 Bxf3 19.gxf3 a4 20.f4 Qb2 21.e5 a3 22.Rb4 Rc2
23.Bd3 Rc3 24.Bd4 Nxd4 25.Rxb2 axb2 26.Bb1 Nb5 27.Qe2 Rb3 28.Qc4 Raa3 29.d6 exd6
30.Ba2 d5 31.Qxd5 Nc3 32.Qd8+ Bf8 33.Bxb3 Rxb3 34.Qd3 b1=Q 35.Rxb1 Rxb1+
36.Kg2 Rb3 37.Qc4 Ra3 38.e6 fxe6 39.Qxe6+ Kg7 40.Qe5+ Kf7 41.Qc7+ Be7 42.Qc4+ Kf8
43.Qd4 Kg8 44.Qc4+ Kg7 45.Qd4+ Bf6 46.Qd7+ Kf8 47.Qc8+ Kf7 48.Qc4+ Kg7  1/2-1/2

[Event "Cannes op"]
[Site "Cannes"]
[Date "1995.??.??"]
[Round "2"]
[White "Sadler, Matthew"]
[Black "Kalantarian, Norik"]
[Result "0-1"]
[WhiteElo "2575"]
[BlackElo "2460"]

1.d4 Nf6 2.c4 g6 3.Nc3 d5 4.cxd5 Nxd5 5.e4 Nxc3 6.bxc3 Bg7 7.Nf3 c5 8.Rb1 O-O
9.Be2 Nc6 10.d5 Ne5 11.Nxe5 Bxe5 12.Qd2 e6 13.f4 Bh8 14.d6 e5 15.Qd3 exf4
16.Bxf4 Qf6 17.O-O Qxc3 18.Qxc3 Bxc3 19.Bc4 b6 20.Bg5 Bd7 21.Be7 Kg7 22.Bxf8+ Rxf8
23.Rf3 Bd4+ 24.Kh1 Bc6 25.Ra3 Ra8 26.d7 Bxd7 27.Bd5 Rd8 28.Rxa7 Kh6 29.a4 f5
30.a5 bxa5 31.Rbb7 Ba4 32.h4 Kh5 33.Rxh7+ Kg4 34.Ra6 Be8 35.Bf7 g5 36.Bxe8 Rxe8
37.Rg6 Be3 38.exf5 Bf4 39.Re6 Rd8 40.Re1 c4 41.f6 c3 42.Rhe7 c2 43.f7 Rc8
44.Kg1 c1=Q 45.Rxc1 Rxc1+ 46.Kf2 Bg3+ 47.Ke2 Re1+ 48.Kd3 Rf1 49.hxg5 Kxg5
50.Ra7 Kg6 51.Rxa5 Rxf7 52.Rd5 Re7 53.Rd4 Kf5 54.Rd5+ Be5 55.Ra5 Rg7 56.Ra2 Rg3+  0-1

[Event "Cannes op"]
[Site "Cannes"]
[Date "1995.??.??"]
[Round "7"]
[White "Haik, Aldo"]
[Black "Jelen, Igor"]
[Result "0-1"]
[WhiteElo "2435"]
[BlackElo "2360"]

1.d4 Nf6 2.c4 g6 3.Nc3 d5 4.cxd5 Nxd5 5.e4 Nxc3 6.bxc3 Bg7 7.Bc4 c5 8.Ne2 Nc6
9.Be3 O-O 10.O-O Bg4 11.f3 cxd4 12.cxd4 Na5 13.Rc1 Nxc4 14.Rxc4 Bd7 15.Qb3 a6
16.Nc3 b5 17.Rc5 Rc8 18.Rd1 e6 19.d5 Qa5 20.Ne2 Rxc5 21.Bxc5 Rc8 22.Bf2 b4
23.Rb1 Ba4 24.Qe3 Bc2 25.Rc1 Qxa2 26.d6 b3 27.d7 Rd8 28.Qb6 Bf6 29.Bd4 Bxd4+
30.Nxd4 Rxd7 31.Qb8+ Kg7 32.Qe5+ f6 33.Qxe6 Rf7 34.Nf5+ gxf5 35.Qxf5 Qa3
36.Qg4+ Kh8  0-1

[Event "Cappelle op"]
[Site "Cappelle la Grande"]
[Date "1995.??.??"]
[Round "4"]
[White "Gleizerov, Evgeny"]
[Black "Swol, Michal"]
[Result "1/2-1/2"]
[WhiteElo "2545"]
[BlackElo "2270"]

1.d4 Nf6 2.c4 g6 3.Nc3 d5 4.cxd5 Nxd5 5.e4 Nxc3 6.bxc3 Bg7 7.Bb5+ c6 8.Ba4 O-O
9.Ne2 e5 10.O-O Qe7 11.Qc2 Be6 12.Be3 Nd7 13.Rad1 Nb6 14.Bb3 Rfd8 15.f4 exf4
16.Bxf4 Bxb3 17.axb3 a5 18.Ng3 c5 19.d5 c4 20.Qf2 Nd7 21.bxc4 Rdc8 22.Rb1  1/2-1/2

[Event "Cappelle op"]
[Site "Cappelle la Grande"]
[Date "1995.??.??"]
[Round "8"]
[White "Lyrberg, Patrik"]
[Black "Gerard, Nicolas"]
[Result "1/2-1/2"]
[WhiteElo "2415"]
[BlackElo "2165"]

1.d4 Nf6 2.c4 g6 3.Nc3 d5 4.cxd5 Nxd5 5.e4 Nxc3 6.bxc3 Bg7 7.Bc4 O-O 8.Be3 c5
9.Ne2 Nc6 10.Rc1 Qc7 11.O-O Rd8 12.Qe1 Qa5 13.e5 Bf5 14.f3 b5 15.Bb3 Bd3
16.Rd1 Bxe2 17.Qxe2 Qxc3 18.dxc5 Bxe5 19.Kh1 e6  1/2-1/2

[Event "Cappelle op"]
[Site "Cappelle la Grande"]
[Date "1995.??.??"]
[Round "9"]
[White "Mamedova, Rena"]
[Black "Martin Gonzalez, Alejandro"]
[Result "1-0"]
[WhiteElo "2180"]
[BlackElo "2440"]

1.d4 Nf6 2.c4 g6 3.Nc3 d5 4.cxd5 Nxd5 5.e4 Nxc3 6.bxc3 Bg7 7.Bc4 c5 8.Ne2 Nc6
9.Be3 O-O 10.O-O cxd4 11.cxd4 Na5 12.Rc1 e6 13.Bd3 b6 14.Qa4 Bb7 15.Bd2 Qd6
16.Bb4 Bc6 17.Bxd6 Bxa4 18.Bxf8 Kxf8 19.Ba6 Rd8 20.Rc8 Rxc8 21.Bxc8 Bb5 22.Re1 Bxe2
23.Rxe2 Bxd4 24.Kf1 Nc6 25.Bb7 Ne5 26.h3 Nd7 27.Rd2 e5 28.Ke2 Nc5 29.Bd5 g5
30.Kf3 Kg7 31.Bc6 f6 32.Be8 Kf8 33.Bc6 Kg7 34.g3 a6 35.Rd1 b5 36.Kg2 b4 37.f4 h6
38.fxe5 fxe5 39.Bd5 a5 40.Rb1 Bc3 41.h4 gxh4 42.gxh4 Nd3 43.Kf3 Kf6 44.Rg1 a4
45.Rg8 Nc1 46.Rc8 Nd3 47.Ra8 Nc5 48.Ra5 Bd4 49.Rb5 Nd3 50.Bc4 Nb2 51.Rxb4 Bc3
52.Rb6+ Kg7 53.Be2 Bd4 54.Ra6  1-0

[Event "Cappelle op"]
[Site "Cappelle la Grande"]
[Date "1995.??.??"]
[Round "9"]
[White "Shipov, Sergei"]
[Black "Dvoirys, Semen I"]
[Result "1/2-1/2"]
[WhiteElo "2510"]
[BlackElo "2550"]

1.d4 Nf6 2.c4 g6 3.Nc3 d5 4.cxd5 Nxd5 5.e4 Nxc3 6.bxc3 Bg7 7.Nf3 c5 8.Rb1 O-O
9.Be2 b6 10.O-O Bb7 11.Qd3 e6 12.Bf4 cxd4 13.cxd4 Nc6 14.Rfd1 Nxd4 15.Nxd4 e5
16.Be3 exd4 17.Bxd4 Bxd4 18.Qxd4 Qxd4 19.Rxd4 Rfd8 20.Rxd8+ Rxd8 21.f3 Bc8
22.Bc4 Kf8 23.Rc1 Bd7 24.Bb3 Rc8 25.Rd1 Rc7 26.Kf2 Ke7 27.Ke3 a5 28.Rd2 f6
29.Kd4 Rc1 30.f4 h6 31.Rd1 Rxd1+ 32.Bxd1 g5 33.g3 Kd6 34.e5+ fxe5+ 35.fxe5+ Ke7
36.a3 Be8 37.Kd5 Bb5 38.Bg4 Ba4 39.Be2 Bd7 40.Bd1 Be8 41.Be2 Ba4 42.Bg4 Be8  1/2-1/2

[Event "Catania op"]
[Site "Catania"]
[Date "1995.??.??"]
[Round "6"]
[White "Stassi, Emilio"]
[Black "Rosino, Antonio"]
[Result "1/2-1/2"]
[WhiteElo "2155"]
[BlackElo "2320"]

1.d4 Nf6 2.c4 g6 3.Nc3 d5 4.cxd5 Nxd5 5.e4 Nxc3 6.bxc3 Bg7 7.Bb5+ c6 8.Ba4 O-O
9.Ne2 b5 10.Bb3 Bb7 11.O-O c5 12.f3 cxd4 13.cxd4 Nc6 14.Be3 Na5 15.Rc1 Nxb3
16.Qxb3 Qd7 17.d5 a6 18.Rc5 Rfc8 19.Rfc1 Rxc5 20.Rxc5 Rc8 21.Qc2 Rxc5 22.Qxc5 Bf8
23.Nd4 e5 24.dxe6 fxe6 25.Qb6 Kf7 26.Nxe6 Be7 27.Nd4 Qc8 28.Qa5 b4 29.Qa4 Qc4
30.Kf2 Bc8 31.Nc6 Bd6 32.e5 Bd7 33.exd6 Bxc6 34.Qa5 Ke6 35.Qd8 Qxa2+ 36.Kg3 Qa4
37.Qe7+ Kd5 38.Qf7+ Kxd6 39.Bf4+ Kc5 40.Be3+ Kd6 41.Bf4+ Kc5 42.Be3+ Kb5
43.Qa7 Kc4 44.Qd4+ Kb3 45.Qd1+ Ka2 46.Qd2+  1/2-1/2

[Event "Celle Ligure op"]
[Site "Celle Ligure"]
[Date "1995.??.??"]
[Round "?"]
[White "Cazzaniga, Walter"]
[Black "Tortarolo, Massimiliano"]
[Result "1/2-1/2"]
[WhiteElo "2185"]
[BlackElo "2240"]

1.d4 Nf6 2.c4 g6 3.Nc3 d5 4.cxd5 Nxd5 5.e4 Nxc3 6.bxc3 Bg7 7.Nf3 O-O 8.Be3 c5
9.Rc1 Qa5 10.Qd2 Nd7 11.d5 Nf6 12.c4 Qxd2+ 13.Nxd2 b6 14.h3 e5 15.Bd3 Ne8
16.a4 Nd6 17.a5 Bd7 18.Rb1 Rab8 19.O-O Rfc8 20.axb6 axb6 21.Rfc1 Bf8 22.Rb2 Be7
23.f4 f6 24.fxe5 fxe5 25.Ra2 Ra8 26.Rca1 Rxa2 27.Rxa2 Kf7 28.Ra7 Ke8 29.Nf3 Nf7
30.Kf2 Bd6 31.Ke1 Rc7 32.Ra8+ Rc8 33.Ra7 Rc7  1/2-1/2

[Event "Celle Ligure op"]
[Site "Celle Ligure"]
[Date "1995.??.??"]
[Round "?"]
[White "Tedeschi, P."]
[Black "Romano, Rogelio"]
[Result "0-1"]
[WhiteElo "1920"]
[BlackElo "1925"]

1.d4 Nf6 2.c4 g6 3.Nc3 d5 4.cxd5 Nxd5 5.e4 Nxc3 6.bxc3 Bg7 7.Bc4 c5 8.Ne2 O-O
9.Be3 Nc6 10.O-O Bg4 11.f3 Na5 12.Bd3 cxd4 13.cxd4 Be6 14.Qa4 a6 15.Rac1 b5
16.Qb4 Nc4 17.Bf2 Ne5 18.dxe5 Qxd3 19.Nd4 a5 20.Qxe7 Rfe8 21.Qd6 Bf8 22.Rfd1 Bxd6
23.Rxd3 Bxe5 24.Nxe6 Rxe6 25.Rd5 b4 26.Rcc5 Bc3 27.Rxa5 Rxa5 28.Rxa5 Rd6
29.Bc5 Rd1+ 30.Kf2 Rd2+ 31.Kg3 Kg7 32.Be7 b3 33.Ra8 b2 34.Bf8+ Kf6 35.Ra6+ Kg5
36.Be7+ f6 37.Rb6 Kh5 38.Rb5+ g5 39.f4 Rd1  0-1

[Event "Ceske Budejovice op"]
[Site "Ceske Budejovice"]
[Date "1995.??.??"]
[Round "4"]
[White "Furman, Boris"]
[Black "Pribyl, Josef"]
[Result "0-1"]
[WhiteElo "2245"]
[BlackElo "2405"]

1.d4 Nf6 2.c4 g6 3.Nc3 d5 4.cxd5 Nxd5 5.e4 Nxc3 6.bxc3 Bg7 7.Be3 c5 8.Rc1 Qa5
9.Qd2 e6 10.d5 exd5 11.exd5 O-O 12.Nf3 Nd7 13.Be2 Nf6 14.c4 Qxd2+ 15.Nxd2 b6
16.h3 Re8 17.O-O Bf5 18.Rfd1 h5 19.Bf3 Nd7 20.d6 Rad8 21.Bg5 Bf6 22.Bxf6 Nxf6
23.Nf1 Re6 24.Ne3 Rexd6 25.Rxd6 Rxd6 26.Nxf5 gxf5 27.g3 Rd2 28.a4 Ra2 29.Bc6 Ne4
30.Bd7 Rxf2 31.a5 Rd2 32.Bc6 Nxg3 33.axb6 axb6 34.Rb1 Ne2+ 35.Kf1 Ng3+ 36.Ke1 Re2+
37.Kd1 Re6 38.Rxb6 Kg7 39.Rb3 Rxc6 40.Rxg3+ Kf6 41.Ke2 Re6+  0-1

[Event "Ceske Budejovice op"]
[Site "Ceske Budejovice"]
[Date "1995.??.??"]
[Round "9"]
[White "Bakalarz, Mieczyslaw"]
[Black "Pribyl, Martin"]
[Result "1-0"]
[WhiteElo "2265"]
[BlackElo "2390"]

1.d4 Nf6 2.c4 g6 3.Nc3 d5 4.cxd5 Nxd5 5.e4 Nxc3 6.bxc3 Bg7 7.Bc4 c5 8.Ne2 Nc6
9.Be3 O-O 10.O-O Qc7 11.Rc1 Rd8 12.Qd2 Qa5 13.Qb2 Qc7 14.Rfd1 Bd7 15.Bf4 Qc8
16.Qa3 b5 17.Bxb5 Nxd4 18.Nxd4 cxd4 19.cxd4 Qb7 20.Bd3 Bg4 21.Rc7 Qb6 22.Qxe7 Qf6
23.Qxf6 Bxf6 24.Rb1 Rxd4 25.Bc4 Be6 26.Bxe6 fxe6 27.f3 g5 28.Be3 Ra4 29.Rc2 Kf7
30.Rd1 Ra6 31.Rd7+ Kg6 32.Kf1 Bd8 33.Rcd2 Bb6 34.R2d6 Re8 35.Bxb6 axb6 36.Rb7 Rxa2
37.Rbxb6 Kf6 38.h3 Re7 39.Kg1 h5 40.h4 gxh4 41.Kh2 Ra1 42.Rd5 h3 43.Kxh3 Rg7
44.Rf5+ Ke7 45.Rb7+ Kd6 46.Rxg7 exf5 47.Rg6+ Ke7 48.exf5 Rh1+ 49.Kg3 h4+
50.Kf2 Kf7 51.Re6 Kg7 52.Re1 Rxe1 53.Kxe1 Kf6 54.Ke2 Kxf5 55.Ke3 Ke5 56.f4+ Kf6
57.Ke4 Ke6 58.f5+ Kf7 59.Kf4 Kg7 60.Kg5 h3 61.gxh3  1-0

[Event "Ceske Budejovice op"]
[Site "Ceske Budejovice"]
[Date "1995.??.??"]
[Round "9"]
[White "Tunik, Gennady"]
[Black "Turov, Maxim"]
[Result "1/2-1/2"]
[WhiteElo "2515"]
[BlackElo "2375"]

1.d4 Nf6 2.c4 g6 3.Nc3 d5 4.cxd5 Nxd5 5.e4 Nxc3 6.bxc3 Bg7 7.Bb5+ c6 8.Ba4 O-O
9.Ne2 b5 10.Bb3 Bb7 11.Rb1 e6 12.O-O c5 13.d5 exd5 14.Bxd5 Bxd5 15.exd5 a6
16.Bf4 Nd7 17.Qd2 Re8 18.Ng3 Qf6 19.Rbc1 Nb6 20.Bc7 Nc4 21.Qd3 Bf8 22.Rce1 Bd6
23.Bxd6 Nxd6 24.Ne4 Nxe4 25.Rxe4 Rxe4 26.Qxe4 Rd8 27.Qd3 c4 28.Qd2 Qe5  1/2-1/2

[Event "ESP-chT"]
[Site "Cordoba"]
[Date "1995.??.??"]
[Round "5"]
[White "Jose Abril, Ramon"]
[Black "Fernandez Garcia, Jose L"]
[Result "0-1"]
[WhiteElo "2335"]
[BlackElo "2445"]

1.d4 Nf6 2.c4 g6 3.Nc3 d5 4.cxd5 Nxd5 5.e4 Nxc3 6.bxc3 Bg7 7.Bc4 c5 8.Ne2 O-O
9.O-O Nc6 10.Be3 Bg4 11.f3 Bd7 12.Rb1 a6 13.dxc5 Na5 14.Bd3 Qc7 15.Qc2 Rfd8
16.Nc1 e6 17.Nb3 Ba4 18.Rfd1 Bf8 19.Qf2 Rac8 20.Rd2 Bxb3 21.axb3 Bxc5 22.Bxc5 Qxc5
23.Qxc5 Rxc5 24.b4 Rxc3 25.bxa5 Rcxd3 26.Rxd3 Rxd3 27.Rxb7 Ra3 28.Ra7 Rxa5
29.Kf2 Ra2+ 30.Kg3 g5 31.h4 h6 32.hxg5 hxg5 33.Kh3 Kg7 34.g3 Ra3 35.Kg4 Kg6
36.e5 Ra4+ 37.Kh3 Ra5 38.Kg2 Ra3 39.Re7 Ra2+ 40.Kh3 Rf2 41.Kg4 Re2 42.Ra7 Rxe5
43.Rxa6 Re3 44.Rb6 f5+ 45.Kh3 g4+ 46.fxg4 f4 47.Kh2 Re2+ 48.Kh3 f3 49.Rb3 Rf2
50.Re3 Rf1 51.Kh2 Kf6 52.g5+ Kxg5 53.Rxe6 f2  0-1

[Event "ESP-chT"]
[Site "Cordoba"]
[Date "1995.??.??"]
[Round "5"]
[White "Rodriguez Vargas, Orestes"]
[Black "Sion Castro, Marcelino"]
[Result "0-1"]
[WhiteElo "2440"]
[BlackElo "2390"]

1.d4 Nf6 2.c4 g6 3.Nc3 d5 4.cxd5 Nxd5 5.e4 Nxc3 6.bxc3 Bg7 7.Bc4 O-O 8.Ne2 Nc6
9.Bg5 Qd7 10.Qd2 e5 11.d5 Na5 12.Bb3 b6 13.c4 Nb7 14.O-O Nc5 15.Nc3 a5 16.Be3 Qe7
17.Ba4 f5 18.Bc6 Rb8 19.f3 f4 20.Bf2 g5 21.Qe2 h5 22.Rad1 Rf6 23.Kh1 Rg6
24.Nb5 g4 25.Qd2 g3 26.Bg1 h4 27.d6 cxd6 28.Nxd6 h3 29.Nf5 hxg2+ 30.Qxg2 Bxf5
31.exf5 Rxc6  0-1

[Event "Crailsheim op 1st"]
[Site "Crailsheim"]
[Date "1995.??.??"]
[Round "?"]
[White "Ksieski, Zbigniew"]
[Black "Gerlach, Stefan"]
[Result "1-0"]
[WhiteElo "2390"]
[BlackElo "1720"]

1.d4 Nf6 2.c4 g6 3.Nc3 d5 4.cxd5 Nxd5 5.e4 Nxc3 6.bxc3 Bg7 7.Be3 c5 8.Rc1 Qa5
9.Qd2 O-O 10.d5 Rd8 11.c4 Qxd2+ 12.Kxd2 b6 13.Bd3 Nd7 14.f4 e5 15.f5 gxf5
16.exf5 Nf6 17.Rf1 Ng4 18.Bg5 f6 19.h3 Nh6 20.Be3 Nf7 21.Ne2 Nd6 22.Ng3 Kf7
23.Ne4 Bf8 24.g4 Ba6 25.Kc3 Ke7 26.g5 Bg7 27.Rhg1 Bxc4 28.gxf6+ Bxf6 29.Nxf6 Bxd3
30.Kxd3 Kxf6 31.Bg5+ Kf7 32.Bxd8 Rxd8 33.f6 Ne8 34.Kc4 Nxf6 35.Rf5 Rd6 36.Rxe5 Nd7
37.Rf1+ Rf6 38.Rxf6+ Kxf6 39.Re6+ Kf5 40.Re7 Nf6 41.d6  1-0

[Event "CZE-chT 9495"]
[Site "?"]
[Date "1995.??.??"]
[Round "2"]
[White "Sobek, Jaroslav"]
[Black "David, Pavel"]
[Result "0-1"]
[WhiteElo "2290"]
[BlackElo "2445"]

1.d4 Nf6 2.c4 g6 3.Nc3 d5 4.cxd5 Nxd5 5.e4 Nxc3 6.bxc3 Bg7 7.Bc4 c5 8.Ne2 O-O
9.Be3 Nc6 10.O-O Bg4 11.f3 Bd7 12.Qd2 Qa5 13.dxc5 Rfd8 14.Qc2 e6 15.Nc1 Qxc3
16.Qxc3 Bxc3 17.Rb1 Na5 18.Be2 Ba4 19.Nb3 Nc6 20.Rfc1 Bg7 21.Kf2 Rd7 22.Nd2 Nd4
23.Rb4 Bc6 24.Nb3 Nxe2 25.Kxe2 a5 26.Rb6 Be5 27.Nd2 Bxh2 28.Nc4 Bc7 29.Rb2 Ra6
30.Nb6 Rd8 31.Rd1 Rxd1 32.Kxd1 Kg7 33.Rd2 a4 34.Nd7 f6 35.Nb6 Ra5 36.Kc2 Rb5
37.Nc4 Rb4 38.Kc3 Rb1 39.Rb2 Re1 40.Bf2 Rc1+ 41.Kd3 h5 42.Bd4 Rd1+ 43.Kc3 e5
44.Bf2 f5 45.exf5 Rc1+ 46.Kb4 gxf5 47.Bh4 e4 48.Nd6 Bxd6 49.cxd6 Rd1 50.Bg3 exf3
51.gxf3 f4 52.Bh2 Rxd6 53.Kc3 Bxf3 54.Bxf4 Re6 55.Rb5 h4 56.Re5 Rc6+ 57.Kd4 h3
58.Re3 Bg2 59.Re7+ Kg6 60.Rxb7 Rf6  0-1

[Event "CZE-chT 9495"]
[Site "?"]
[Date "1995.??.??"]
[Round "7"]
[White "Dydyshko, Viacheslav"]
[Black "Ftacnik, Lubomir"]
[Result "1/2-1/2"]
[WhiteElo "2495"]
[BlackElo "2605"]

1.d4 Nf6 2.c4 g6 3.Nc3 d5 4.cxd5 Nxd5 5.e4 Nxc3 6.bxc3 Bg7 7.Be3 c5 8.Qd2 Qa5
9.Rb1 a6 10.Rc1 cxd4 11.cxd4 Qxd2+ 12.Kxd2 O-O 13.Nf3 e6 14.Rc7 Nc6 15.Bd3 Rd8
16.Rb1 Bf8 17.Ne5 Bd6 18.Nxc6 Bxc7 19.Nxd8 Bxd8 20.e5 b5 21.Be4 Rb8 22.Rc1 Kg7
23.Kd3 a5 24.Bc6 b4 25.Kc4 a4 26.Bxa4 Bb7 27.Kb3 Bd5+ 28.Kb2 Ra8 29.Bb3 Bxg2
30.Rc5 Rb8 31.Bd2 Rb7 32.Rc4 Be7 33.Be3 g5 34.Rc1 g4 35.Ba4 Kg6 36.Bc2+ Kg7
37.Ba4 h5 38.Rc8 Bd5 39.Bc6 Bxc6 40.Rxc6 Rd7 41.Kb3 Kg6 42.Rc8 Kf5 43.Rh8 Rd8
44.Rxh5+ Kg6 45.Rh6+ Kg7 46.h3 Rc8 47.Bd2 Rd8 48.Be3 Rc8 49.Bd2 Rd8 50.Be3  1/2-1/2